| 000 | 00495nam a2200169Ia 4500 | ||
|---|---|---|---|
| 008 | 090201s9999 xx 000 0 und d | ||
| 010 | _aKPL-61367 | ||
| 040 | _bमराठी | ||
| 041 | _aमराठी | ||
| 082 |
_a515 _b61367 |
||
| 100 | _aय दि फडके | ||
| 245 |
_aस्मरणरेषा _cय दि फडके |
||
| 260 |
_c2004 _bशब्द प्रकाशन |
||
| 300 |
_a119 _bमध्यम |
||
| 600 | _aस्मरणरेषा | ||
| 942 | _cBOOK | ||
| 999 |
_c201651 _d201651 |
||